000 00413nam a22001697a 4500
003 MPLRDC
005 20220104114328.0
008 210129b ||||| |||| 00| 0 eng d
082 _a857.623 ZY v.21 c.2
100 _a张宇著
245 _a迷离境界. 第二十一集
_c
260 _a
_b环球出版社
_c1984
300 _b
490 _a迷离境界;21
650 _a
942 _cBK
_o857.623 ZY v.21 c.2
999 _c6643
_d6633